000 01662nam a2200349 i 4500
001 768714001
003 CO-MdFUSB
005 20210924122705.0
007 ta
008 200604t2013 ck a|||| |||| 00| 0 spa d
020 _a9586070432
040 _aCO-MdFUSB
_bspa
_cCO-MdFUSB
_dCO-MdFUSBC
_erda
041 _aspa
082 _223
_a155.937
_bSI572
100 _aSierra Uribe, Gloria
_eautor
245 1 6 _aDe la mano con los niños
_b: acompañamiento integral en el duelo infantil
_c/ Gloria Sierra Uribe , Maribel Rendón Orozco
264 1 _aBogotá, Colombia :
_bSan Pablo,
_c[2013]
264 4 _c©2013
300 _c109 páginas ;
_a21 cm
336 _2rdacontent
_atexto
_btxt
337 _2rdamedia
_asin mediación
_bn
338 _2rdacarrier
_avolumen
_bnc
490 _aColección Renacer
505 _aReconociendo el duelo de un niño -- El camino del duelo: los primeros pasos -- Los niños y las niñas tienen la palabra -- Duelos son resolver: niños atrapados casos difíciles -- Duelo en niños abandonados: la esperanza del reencuentro -- El suicidio infantil drama sin fin -- Acompañamiento con brújula -- Bibliografía
520 4 _aEs una apuesta a la visibilidad de estos en los momentos de dolor y pérdida. Los adultos, sumidos en sus propios procesos, olvidan facilmente que el menor está también inmerso en sus propios sentimientos y emociones, los cuales pueden pasar desapercibidos gracias a la magia transitoria del juego.
563 _aRústico
650 7 _92655
_aNiños
_xPsicología
653 _aDuelo -- niños.
700 _94169
_aRendón Orozco, Maribel Cristina
_eautor
942 _cBK
945 _aDani
999 _c66031
_d66031